| 000 | 00581cas a22002055a 4500 | ||
|---|---|---|---|
| 001 | L106021 | ||
| 008 | 070704d19992003xxkqr p 0 a0eng u | ||
| 022 | 1 | _a1461-2542 | |
| 035 | _a(Sirsi) u106021 | ||
| 041 | 0 | _aeng | |
| 245 | 0 | 0 | _aCommercial Property |
| 260 |
_aWelwyn Garden City _bCLT Professional Publishing _c1999- |
||
| 362 | 0 | _a2(3/4) February 2000-5(3) 2003 | |
| 520 | _aKept for five years | ||
| 554 | _aFour per year | ||
| 651 | 4 |
_aEngland and Wales _y1543- |
|
| 690 | _aPROPERTY-COMMERCIAL PROPERTY | ||
| 785 | 0 | 0 |
_tEmis Property Service _x1740-5203 |
| 942 | _n0 | ||
| 999 |
_c118722 _d118722 |
||